000 00203 a2200097 4500
001 1094
100 _aCroft,T
245 _aAmerican electrican handbook
260 _a
_bMcgrawhill
_c
090 _c658
_d658
942 _aNUST-CAE
_cM
_c33133
999 _c236167
_d236167